00361nam a2200157Ia 4500008004100000041000800041082002200049100001800071245003000089260003600119300000900155365000700164500000700171520000800178650001700186230516s9999 xx 000 0 und d aeng a612.11bLEH/ COX  aLEHINIGER,COX aPRINCIPLE OF BIOCHEMISTRY bC.B.S. PUBLISHERS & DISTRUTORS  a1013 h20 aHB aBCP aBIOCHEMISTRY